000 00329pab a2200145 454500
008 180718b1983 xxu||||| |||| 00| 0 eng d
100 _aCallender, A.C.
245 _aComputer terminal skills
260 _c1983
300 _a62-4
362 _aFeb.
650 _aComputers
773 _aManagement in Government
909 _a6302
999 _c6302
_d6302